banner-ar

العمارة الداخلية لقاعات العرش فى القصور الملكية المصرية : (Record no. 65480)

MARC details
000 -الفاتح
حقل البيانات ثابتة الطول 01074nam a22002417a 4500
005 - وقت وتاريخ اخر تعامل مع التسجيلة
رقم الضبط 20240530110827.0
008 - عناصر البيانات ثابتة الطول - معلومات عامة
حقل البيانات ثابتة الطول 190805s2018 ua a g b 000 0 ara d
017 ## - رقم الايداع القانونى
رقم الايداع القانونى 2018/15539
المصدر ( الهيئة المختصة) مصر . دار الكتب المصرية
020 ## - الرقم الدولى المعيارى للكتب
الرقم الدولى المعيارى للكتاب 9789779119212
040 ## - مصدر الفهرسة
وكالة الفهرسة الأصلية EG-CaGPL
082 04 - رقم تصنيف ديوى العشرى
رقم الطبعة 21
رقم التصنيف 728.82
رقم المادة ق/ع ع
100 0# - المدخل الرئيسى - إسم شخصى
الإسم الشخصى عبير احمد خيرى
245 12 - بيان العنوان
العنوان العمارة الداخلية لقاعات العرش فى القصور الملكية المصرية :
بيان المسئوليه,etc 1805 - 1952 م /
بقية العنوان عبير احمد خيرى
250 ## - بيان الطبعة
بيان الطبعة ط.1
260 ## - PUBLICATION, DISTRIBUTION, ETC. (IMPRINT)
تاريخ النشر أو التوزيع 2018
300 ## - الوصف المادى
التعداد 404 ص. :
تفاصيل ماديه اخرى للوعاء ايض. ؛
أبعاد الوعاء 27 سم.
504 ## - تبصرة ببليوجرافية
تبصرة ببليوجرافية,الخ يشتمل على ارجاعات ببليوجرافية
650 07 - المدخل الاضافى بالموضوع-مصطلح موضوعى
مصطلح موضوعي القصور الملكية
التقسيم الفرعي العام عمارة
التقسيم الفرعي الجغرافي مصر
650 07 - المدخل الاضافى بالموضوع-مصطلح موضوعى
مصطلح موضوعي العمارة الداخلية
التقسيم الفرعي الجغرافي مصر
التقسيم الفرعي الزمني عصر محمد على
650 07 - المدخل الاضافى بالموضوع-مصطلح موضوعى
مصطلح موضوعي القصور الملكية
التقسيم الفرعي العام عمارة
التقسيم الفرعي الجغرافي مصر
التقسيم الفرعي الزمني القرن التاسع عشر
942 ## - عناصر المدخل الإضافي( كوها)
مصدر التصنيف او مخطط الترفيف Dewey Decimal Classification
Koha [default] item type كتاب
260 ## - PUBLICATION, DISTRIBUTION, ETC. (IMPRINT)
-- القاهرة :
-- الهيئة المصرية العامة للكتاب،
Holdings
حالة التراجع حالة الفقد حالة تلف ليس للاعارة المكان المؤقت الموقع الحالى موقع الترفيف تاريخ الاكتساب اجمالي اﻻعارات رقم الطلب الباركود تاريخ اخر مشاهدة تاريخ تفعيل السعر نوع وعاء كوها
        مكتبة القاهرة الكبرى مكتبة القاهرة الكبرى   08/06/2019   728.82 ق/ع ع 166348 08/06/2019 08/06/2019 كتاب

Powered By

EGPV